[Event "VII Open A"]
[Site "Genova ITA"]
[Date "2003.08.09"]
[Round "9"]
[White "Gromovs, Sergejs"]
[Black "Boric, Muhamed"]
[Result "1-0"]
[WhiteElo "2345"]
[BlackElo "2410"]
[PlyCount "87"]
[EventDate "2003.08.02"]

1. d4 d5 2. Nf3 Nf6 3. c4 c6 4. Nc3 g6 5. Bg5 Bg7 6. e3 O-O 7. Qb3 dxc4 8. Bxc4
Nbd7 9. O-O b5 10. Be2 a6 11. Rfd1 c5 12. dxc5 Qa5 13. Bxf6 Nxf6 14. Nd4 Bd7
15. c6 Bc8 16. Nd5 e5 17. Nf3 Be6 18. Qc3 Qxc3 19. Nxc3 Rac8 20. Nxe5 Ne4 21.
Nxe4 Bxe5 22. Rd2 Rxc6 23. f4 Bb8 24. Bf3 Ba7 25. Kf2 Bc8 26. Rad1 Re6 27. Rd8
Bb7 28. Rxf8+ Kxf8 29. Rd7 Bxe3+ 30. Kxe3 Bxe4 31. Bxe4 f5 32. Rd4 Kf7 33. Kd3
fxe4+ 34. Rxe4 Rc6 35. Re2 h5 36. g3 Kf6 37. Rc2 Rd6+ 38. Ke4 Ke6 39. h3 Kf6
40. g4 hxg4 41. hxg4 Ke6 42. b3 Kd7 43. f5 gxf5+ 44. Kxf5 1-0

[Event "VII Open A"]
[Site "Genova ITA"]
[Date "2003.08.09"]
[Round "9"]
[White "Milov, Vadim"]
[Black "Djuric, Stefan"]
[Result "1-0"]
[WhiteElo "2595"]
[BlackElo "2488"]
[PlyCount "121"]
[EventDate "2003.08.02"]

1. d4 Nf6 2. c4 e6 3. Nc3 Bb4 4. Nf3 c5 5. g3 O-O 6. Bg2 d6 7. O-O Bxc3 8. bxc3
Qe7 9. Nh4 e5 10. d5 e4 11. f4 Re8 12. a4 Na6 13. h3 Nh5 14. Kh2 f5 15. e3 Nf6
16. Rf2 Kh8 17. Bf1 Rg8 18. Be2 Bd7 19. Rb1 Rab8 20. Qe1 g6 21. Bd1 b6 22. Rfb2
Qe8 23. Qe2 Nc7 24. a5 Na8 25. Ra1 Rb7 26. Bd2 Rc7 27. Ng2 bxa5 28. Rxa5 Nb6
29. Ne1 Qe7 30. Nc2 h6 31. Rba2 Be8 32. Qf1 g5 33. Na3 Bh5 34. Bxh5 Nxh5 35.
Be1 gxf4 36. exf4 Qf6 37. Rg2 Rcg7 38. Nb5 Nxc4 39. Qxc4 Nxf4 40. Rd2 Nxh3 41.
Qf1 Ng5 42. Rf2 Rf7 43. c4 Qg6 44. Rf4 Qh5+ 45. Kg2 Qg6 46. Ra6 Rd8 47. Bf2 Rf6
48. Qa1 e3 49. Bxe3 Ne4 50. Bf2 Nxf2 51. Kxf2 Rg8 52. Qc3 Rg7 53. Rxa7 Rxa7 54.
Nxa7 Kh7 55. Nc6 Rf8 56. Qd3 Qf6 57. Kg2 h5 58. Qe2 Qg6 59. Qf3 Kh6 60. Ne7 Qg5
61. Nxf5+ 1-0

[Event "VII Open A"]
[Site "Genova ITA"]
[Date "2003.08.09"]
[Round "9"]
[White "Sale, Srdjan"]
[Black "Lanzani, Mario"]
[Result "1-0"]
[WhiteElo "2420"]
[BlackElo "2355"]
[PlyCount "105"]
[EventDate "2003.08.02"]

1. Nf3 d5 2. g3 Nf6 3. Bg2 c6 4. O-O Bg4 5. h3 Bxf3 6. Bxf3 Nbd7 7. d3 g6 8.
Bg2 Bg7 9. c4 e6 10. cxd5 exd5 11. Qc2 O-O 12. e4 Re8 13. Nc3 dxe4 14. dxe4 Nc5
15. Rd1 Qe7 16. f3 Ne6 17. Be3 Nh5 18. Bf2 g5 19. Qe2 Nf6 20. Rd2 h5 21. Rad1
h4 22. gxh4 Nf4 23. Qc4 N6h5 24. e5 gxh4 25. Ne4 Bxe5 26. Rd7 Qe6 27. Qxe6 Rxe6
28. Bxh4 Rg6 29. R1d2 Nd5 30. Kh1 Nhf4 31. Bf1 Ne3 32. Bd3 Nxh3 33. Nf6+ Rxf6
34. Bxf6 Bxf6 35. Rxb7 Nf4 36. Be4 Kg7 37. Rh2 Rd8 38. Rh7+ Kg8 39. Rhxf7 Be5
40. Rfd7 Rf8 41. Bxc6 Nh5 42. Bd5+ Nxd5 43. Rxd5 Re8 44. Rbb5 Ng3+ 45. Kg2 Bf4
46. Rg5+ Bxg5 47. Rxg5+ Kf7 48. Kxg3 Re2 49. Rb5 Kf6 50. Kf4 Ke6 51. a3 Kf6 52.
b4 Re7 53. Ra5 1-0

[Event "VII Open A"]
[Site "Genova ITA"]
[Date "2003.08.09"]
[Round "9"]
[White "Stovring, Claus"]
[Black "Piscopo, Pierluigi"]
[Result "0-1"]
[WhiteElo "2068"]
[BlackElo "2319"]
[PlyCount "62"]
[EventDate "2003.08.02"]

1. e4 c5 2. Nf3 e6 3. b4 cxb4 4. d4 d5 5. e5 Nc6 6. Bd3 Nh6 7. O-O Be7 8. a3
bxa3 9. c3 f5 10. exf6 Bxf6 11. Bxh6 gxh6 12. Ne5 O-O 13. Qh5 Bxe5 14. Qxh6 Qe7
15. dxe5 Nxe5 16. Bc2 Qg7 17. Qh5 Ng6 18. Bxg6 hxg6 19. Qe2 Bd7 20. Rxa3 a6 21.
Re1 Rac8 22. Rb3 b5 23. Ra3 Rc6 24. Qa2 Bc8 25. Re3 b4 26. Rb3 d4 27. Rg3 bxc3
28. Na3 Qf6 29. Qc2 e5 30. Rb8 e4 31. Qb3+ Qf7 0-1

[Event "VII Open A"]
[Site "Genova ITA"]
[Date "2003.08.09"]
[Round "9"]
[White "Tayeb, Suhail"]
[Black "Guido, Flavio"]
[Result "0-1"]
[WhiteElo "2241"]
[BlackElo "2332"]
[PlyCount "70"]
[EventDate "2003.08.02"]

1. e4 c5 2. Nf3 e6 3. d4 cxd4 4. Nxd4 Nf6 5. Nc3 d6 6. f4 a6 7. Qf3 Qb6 8. Nb3
Qc7 9. Be3 b5 10. a3 Bb7 11. O-O-O Nc6 12. Bxb5 axb5 13. Nxb5 Qd8 14. Bc5 d5
15. exd5 Na5 16. Bxf8 Kxf8 17. f5 Bxd5 18. Qf4 Nxb3+ 19. cxb3 Qb6 20. Qb4+ Kg8
21. fxe6 fxe6 22. Rhe1 h6 23. Kb1 Kh7 24. a4 Rhc8 25. Qd2 Kh8 26. Qd3 Nd7 27.
Re3 Nc5 28. Qd4 Rc6 29. Rg3 Qb7 30. Qb4 Be4+ 31. Ka2 Bc2 32. Rd4 Nxa4 33. Na3
Qxb4 34. Rxb4 Nb6 35. Rc3 Nd5 0-1